| 000 | 01077nam a2200265 i 4500 | ||
|---|---|---|---|
| 001 | 159372 | ||
| 003 | ES-MaACL | ||
| 005 | 20251015170208.0 | ||
| 008 | 170505s1911 sp |||| | spa d | ||
| 100 | 1 |
_aBach, L. _9162537 |
|
| 245 | 1 | 0 |
_aEnfermedades de los ojos, de las fosas nasales, de la laringe y de los oídos / _cpor los profesores L. Bach, von Eicken y W. Kümmel ; traducción directa del alemán por E. García del Real. |
| 260 |
_aMadrid : _bSaturnino Calleja Fernández, _c1911. |
||
| 300 |
_a61 p. ; _c24 cm. |
||
| 490 | 1 |
_aAnuario de ciencias médicas. Segunda serie ; _v11 |
|
| 650 | 4 |
_aOjos- _xEnfermedades. _9139434 |
|
| 650 | 4 |
_aNariz- _xEnfermedades. _9170899 |
|
| 650 | 4 |
_aLaringe- _xEnfermedades. _9157105 |
|
| 650 | 4 |
_aOído- _xEnfermedades. _9136645 |
|
| 700 | 1 |
_aEicken. _9162538 |
|
| 700 | 1 |
_aKümmel, W. _9162539 |
|
| 700 | 0 |
_aGarcía del Real, Eduardo, _d1870-1946 _954523 |
|
| 830 | 0 |
_aAnuario de ciencias médicas. Segunda serie ; _v11 _9180969 |
|
| 852 |
_aES-MaACL _jB-11066(5) _z- Encuadernado con otras obras |
||
| 999 |
_c159372 _d159372 |
||